00742nam a22002417a 450000500170000001000130001702000220003003500130005203700160006504000120008108200130009310000280010624500430013424600060017726000530018327000190023630000230025565000290027865000320030794200220033999900190036195201200038020170124105936.0 aA-108131 c00.00a0835675602 aA-108131 bCen Lib/Ret aDPLbEN a212bHOD aHodson, Geoffrey 99715 aBasic theosophy /cby Geoffrey Hodson  b  bThe Theosophical Publishing house aAdyar c1981 bAdyar e600020 ax, 571p.c21cm(Hb) aAncient wisdom z 99716 aTheosophical society 99717 2ddccENh212mHOD c124190d124190 00104070aLbLd2015-06-15eCen Lib/Retg0.00l0o212 HODpA-108131r2015-06-15 00:00:00t1v0.00w2015-06-15yEN